00599nam a2200193 i 4500001001100000003000500011005001700016008004100033040002500074082001700099100003000116245004300146264008300189300003000272336002100302337002500323338002300348650003400371C2-0113019PPAK20180727104133.0970706s my |||| ||||| | may d aPPAKbengcPPAKerda04a499.23032230 aMuhammad Alimin, eauthor10aKata-kata serumpun dalam bahasa Melayu 1aKuala Lumpur : bH.M. Shah Enterprise , c[date of publication not identified] aviii, 121 pages ; c17 cm 2rdacontentatext 2rdamediaaunmediated 2rdacarrieravolume10aMalay language - Dictionaries